| 000 | 01005cpcaa2200265 a 4500 | ||
|---|---|---|---|
| 001 | mm 79001743 | ||
| 003 | DLC | ||
| 005 | 20260227111638.0 | ||
| 008 | 791120|||||||||||| eng | ||
| 010 | _amm 79001743 | ||
| 040 |
_aDLC _edacs _cDLC _dDLC |
||
| 072 | 7 |
_aL _2lcmd |
|
| 100 | 1 |
_aShoemaker, Theodore, _d1876- |
|
| 245 | 0 | 0 |
_aSome of my experiences in the Forest Service : _kautobiographical account, _fundated. |
| 300 |
_a1 _fvolume (98 pages). |
||
| 506 | 0 | _aOpen to research. | |
| 520 | 8 | _aTypescript autobiographical account entitled "Some of My Experiences in the Forest Service." | |
| 545 | 0 | _aForest ranger. | |
| 580 | _aForms part of: Miscellaneous Manuscripts collection. | ||
| 610 | 1 | 0 |
_aUnited States. _bForest Service. |
| 650 | 0 |
_aForest conservation _zUnited States. |
|
| 656 | 7 |
_aForest rangers. _2itoamc |
|
| 999 |
_c40902 _d40902 |
||